|
Moscow-1,758 | | 84.8% | Rome-1,377 | | 83.5% | Athens-563 | | 80.7% | London-2,504 | | 79.2% | Cairo-1,237 | | 79.1% | Ankara-350 | | 78.3% | Paris-2,258 | | 76.7% | Kyiv-1,058 | | 73.9% | Berlin-1,740 | | 72.6% | Beijing-7,064 | | 71% | Madrid-2,742 | | 70.7% | Bucharest-447 | | 69% | New York City-8,079 | | 68.3% | Washington-8,406 | | 68.2% | Budapest-1,071 | | 68% | Warsaw-1,388 | | 67.3% | Tehran-2,038 | | 66.3% | Damascus-1,055 | | 66.1% | Tokyo-8,961 | | 66.1% | Stockholm-2,176 | | 66.1% | Baghdad-1,608 | | 65.7% | Vienna-1,278 | | 65.4% | Baku-1,760 | | 64.8% | Tunis-1,690 | | 64.7% | Sydney-14,963 | | 64.4% | Lisbon-3,241 | | 64.4% | Dubai-2,998 | | 64% | Riyadh-2,445 | | 64% | Tel Aviv-Jaffa-1,120 | | 63.8% | Algiers-2,288 | | 63.5% | Minsk-1,439 | | 63.4% | Delhi-4,542 | | 63.3% | Mexico City-11,439 | | 63.2% | Brasília-10,111 | | 63.1% | Cape Town-8,411 | | 62.9% | Nairobi-4,775 | | 62.8% | Toronto-8,202 | | 62.7% | Los Angeles-11,032 | | 62.6% | Amsterdam-2,214 | | 62.6% | Mumbai-4,815 | | 62.5% | Amman-1,184 | | 62.4% | Rabat-3,236 | | 62.4% | Barcelona-2,237 | | 62% | Kabul-3,579 | | 61.9% | Saint Petersburg-2,109 | | 61.8% | Lagos-4,603 | | 61.8% | Buenos Aires-12,259 | | 61.8% | Chicago-8,823 | | 61.7% | Brussels-2,184 | | 61.7% | Lima-12,236 | | 61.7% | Milan-1,675 | | 61.7% | Addis Ababa-3,694 | | 61.7% | Johannesburg-7,483 | | 61.6% | Rio de Janeiro-10,289 | | 61.6% | Shanghai-7,994 | | 61.4% | Melbourne-14,646 | | 61.4% | Munich-1,586 | | 61.4% | Khartoum-2,860 | | 61.4% | Seoul-7,963 | | 61.3% | Kinshasa-5,249 | | 61.3% | Bangkok-7,475 | | 61.3% | Jakarta-9,465 | | 61.3% | Hong Kong-8,024 | | 61.3% | Miami-9,623 | | 61.3% | Casablanca-3,317 | | 61.3% | São Paulo-10,595 | | 61.2% | Doha-2,720 | | 61.2% | Kuwait City-2,152 | | 61.1% | Boston-7,773 | | 61.1% | Sana'a-3,209 | | 61.1% | Mecca-2,412 | | 61.1% | Dakar-5,339 | | 61% | Accra-4,893 | | 61% | Vancouver-9,621 | | 61% | Montréal-7,717 | | 61% | Dallas-10,119 | | 61% | Tashkent-3,344 | | 61% | Santiago-13,119 | | 61% | Singapore-8,651 | | 60.9% | Abuja-4,142 | | 60.9% | Seattle-9,775 | | 60.9% | Bogotá-10,760 | | 60.9% | Mogadishu-4,637 | | 60.9% | Manila-9,124 | | 60.9% | Houston-10,299 | | 60.9% | Perth-12,045 | | 60.9% | San Francisco-10,797 | | 60.9% | Hanoi-7,424 | | 60.9% | Atlanta-9,279 | | 60.8% | Naples-1,236 | | 60.8% | Caracas-9,742 | | 60.8% | Hamburg-1,989 | | 60.8% | Austin-10,395 | | 60.7% | Dhaka-5,954 | | 60.7% | Manchester-2,706 | | 60.7% | Alexandria-1,095 | | 60.7% | Havana-9,987 | | 60.7% | Las Vegas-10,698 | | 60.7% | Bamako-4,783 | | 60.7% | Frankfurt am Main-1,869 | | 60.7% |
|
|
Aleppo-888 | | 60.7% | Brisbane-14,767 | | 60.6% | Denver-9,913 | | 60.6% | Osaka-8,754 | | 60.6% | Kuala Lumpur-8,342 | | 60.6% | Karachi-3,940 | | 60.6% | Quito-11,488 | | 60.6% | La Paz-11,800 | | 60.6% | Kolkata-5,861 | | 60.6% | Detroit-8,521 | | 60.6% | Taipei-8,423 | | 60.6% | Kampala-4,541 | | 60.6% | San Diego-11,125 | | 60.6% | Birmingham-2,650 | | 60.6% | Luanda-5,776 | | 60.6% | Philadelphia-8,209 | | 60.6% | Jeddah-2,377 | | 60.6% | Orlando-9,490 | | 60.6% | Lyon-2,015 | | 60.6% | Almaty-3,907 | | 60.5% | Colombo-6,291 | | 60.5% | Gaza-1,167 | | 60.5% | Kathmandu-5,293 | | 60.5% | Lomé-4,762 | | 60.5% | Pyongyang-7,779 | | 60.5% | Portland-10,001 | | 60.5% | Brazzaville-4,779 | | 60.5% | Sacramento-10,684 | | 60.5% | Liverpool-2,751 | | 60.5% | Durban-7,892 | | 60.5% | Harare-6,553 | | 60.5% | Phoenix-10,837 | | 60.5% | Antananarivo-6,936 | | 60.5% | San José-11,161 | | 60.5% | Lahore-4,158 | | 60.5% | Ho Chi Minh City-8,197 | | 60.5% | Tampa-9,611 | | 60.5% | Cali-11,056 | | 60.5% | San Antonio-10,514 | | 60.5% | Dar es Salaam-5,423 | | 60.5% | Cologne-Dusseldorf-2,044 | | 60.5% | Lusaka-6,278 | | 60.4% | Ouagadougou-4,356 | | 60.5% | Kansas City-9,443 | | 60.5% | Bengaluru-5,643 | | 60.4% | Wuhan-7,485 | | 60.4% | Yaoundé-4,491 | | 60.4% | Maputo-7,465 | | 60.4% | Chennai-5,849 | | 60.4% | St. Louis-9,237 | | 60.4% | Asunción-11,558 | | 60.4% | Guatemala City-11,261 | | 60.4% | Minneapolis-8,871 | | 60.4% | Rotterdam-2,221 | | 60.4% | Izmir-328 | | 60.4% | Charlotte-8,933 | | 60.4% | Salt Lake City-10,114 | | 60.4% | Leeds-2,674 | | 60.4% | George Town-8,058 | | 60.4% | Bursa-92 | | 60.4% | Pittsburgh-8,480 | | 60.4% | San Juan-9,095 | | 60.4% | Valencia-9,856 | | 60.4% | Medellín-10,768 | | 60.4% | Cleveland-8,504 | | 60.4% | Stuttgart-1,777 | | 60.4% | Agra-4,707 | | 60.4% | San Salvador-11,245 | | 60.4% | Guangzhou-7,895 | | 60.4% | Hyderabad(IN)-5,390 | | 60.4% | Salvador-9,160 | | 60.4% | Port-au-Prince-9,577 | | 60.4% | Conakry-5,439 | | 60.4% | Hyderabad(PK)-4,015 | | 60.4% | Phnom Penh-8,002 | | 60.4% | Indianapolis-8,907 | | 60.4% | Tijuana-11,140 | | 60.4% | Surabaya-10,030 | | 60.4% | Abidjan-5,149 | | 60.4% | Guadalajara-11,591 | | 60.4% | Belo Horizonte-10,115 | | 60.4% | Monterrey-10,955 | | 60.4% | Busan-8,276 | | 60.4% | Santo Domingo-9,398 | | 60.4% | Recife-8,494 | | 60.4% | Cincinnati-8,862 | | 60.4% | Manaus-10,163 | | 60.4% | Hiroshima-8,568 | | 60.4% | Nagoya-8,811 | | 60.4% | Bandung-9,581 | | 60.4% | Xi'an-6,834 | | 60.4% | Nanjing-7,736 | | 60.4% | Pune-4,934 | | 60.4% | Porto Alegre-11,415 | | 60.4% | Medan-8,059 | | 60.4% | Jaipur-4,536 | | 60.4% | Fortaleza-8,438 | | 60.4% | Curitiba-10,940 | | 60.4% | Cebu-9,653 | | 60.4% | Sapporo-8,485 | | 60.4% |
|
|
Tianjin-7,166 | | 60.4% | Chengdu-6,672 | | 60.4% | Ahmedabad-4,516 | | 60.4% | Chongqing-6,971 | | 60.4% | Yangon-6,898 | | 60.4% | Kano-3,793 | | 60.3% | Ürümqi-4,727 | | 60.3% | Douala-4,540 | | 60.3% | Isfahan-2,216 | | 60.3% | Guayaquil-11,757 | | 60.3% | Daegu-8,194 | | 60.3% | Katowice-1,287 | | 60.3% | Chandigarh-4,403 | | 60.3% | Belém-9,078 | | 60.4% | Semarang-9,820 | | 60.3% | León-11,448 | | 60.4% | ⭐Istanbul⭐ | | 60.3% | Xiamen-8,192 | | 60.3% | Hangzhou-7,959 | | 60.3% | Shenyang-7,438 | | 60.3% | Shantou-8,156 | | 60.3% | Surat-4,663 | | 60.3% | Qingdao-7,592 | | 60.3% | Ruhr-2,004 | | 60.3% | Zhengzhou-7,171 | | 60.3% | Wenzhou-8,156 | | 60.3% | Harbin-7,385 | | 60.3% | Chittagong-6,162 | | 60.3% | Hefei-7,632 | | 60.3% | Changsha-7,530 | | 60.3% | Dalian-7,497 | | 60.3% | Shijiazhuang-7,037 | | 60.3% | Fuzhou-8,178 | | 60.3% | Jinan-7,315 | | 60.3% | Taiyuan-6,902 | | 60.3% | Kunming-6,924 | | 60.3% | Nanchang-7,732 | | 60.3% | Changchun-7,435 | | 60.3% | Lucknow-4,973 | | 60.3% | Faisalabad-4,059 | | 60.3% | Ibadan-4,489 | | 60.3% | Zibo-7,374 | | 60.3% | Kanpur-4,945 | | 60.3% | Nanning-7,515 | | 60.3% | Rawalpindi-3,944 | | 60.3% | Ningbo-8,092 | | 60.3% | Guiyang-7,123 | | 60.3% | Nagpur-5,179 | | 60.3% | Campinas-10,582 | | 60.3% | Mashhad-2,702 | | 60.3% | Puebla-11,414 | | 60.3% | Indore-4,807 | | 60.3% | Kumasi-4,880 | | 60.3% | Xuzhou-7,482 | | 60.3% | Bhilai-5,364 | | 60.3% | Kaohsiung-8,483 | | 60.3% | Lanzhou-6,338 | | 60.3% | Tangshan-7,208 | | 60.3% | Huizhou-7,990 | | 60.3% | Fukuoka-8,483 | | 60.3% | Gujranwala-4,111 | | 60.3% | Coimbatore-5,743 | | 60.3% | Patna-5,400 | | 60.3% | Anshan-7,452 | | 60.3% | Luoyang-7,089 | | 60.3% | Maracaibo-10,115 | | 60.3% | Jiangyin-7,858 | | 60.3% | Damman-2,529 | | 60.3% | Taichung-8,474 | | 60.3% | Goiânia-10,281 | | 60.3% | Bhopal-4,900 | | 60.3% | Peshawar-3,798 | | 60.3% | Port Harcourt-4,584 | | 60.3% | Toluca-11,486 | | 60.3% | Taizhou-8,166 | | 60.3% | Baotou-6,543 | | 60.3% | Okayama-8,649 | | 60.3% | Vadodara-4,614 | | 60.3% | Xinxiang-7,159 | | 60.3% | Vishakhapatnam-5,758 | | 60.3% | Yantai-7,579 | | 60.3% | Lubumbashi-5,868 | | 60.3% | Barranquilla-10,346 | | 60.3% | Santa Cruz-11,483 | | 60.3% | Multan-3,993 | | 60.3% | Kitakyushu-8,495 | | 60.3% | Linyi-7,505 | | 60.3% | Nantong-7,900 | | 60.3% | Nashik-4,823 | | 60.3% | Huainan-7,562 | | 60.3% | Mbuji-Mayi-5,276 | | 60.3% | Huai'an-7,662 | | 60.3% | Cixi-8,051 | | 60.3% | Liuzhou-7,502 | | 60.3% | Ludhiana-4,317 | | 60.3% | Vijayawada-5,629 | | 60.3% | Weifang-7,462 | | 60.3% | Yogyakarta-9,873 | | 60.3% | Varanasi-5,236 | | 60.3% | Yangzhou-7,761 | | 60.3% |
|
Comments